Los perros salvajes.
Guardado en:
| Formato: | |
|---|---|
| Series: | El paraíso viviente
|
| Materias: | |
| Etiquetas: |
Agregar Etiqueta
Sin Etiquetas, Sea el primero en etiquetar este registro!
|
| LEADER | 00777ngm a22002295g 4500 | ||
|---|---|---|---|
| 001 | CEM.cems021853 | ||
| 008 | 130507b1993##################0###0#####d | ||
| 005 | 20240917143901.0 | ||
| 245 | 0 | 0 | |a Los perros salvajes. |
| 300 | |a 43'. | ||
| 490 | 0 | |a El paraíso viviente | |
| 500 | |a En soporte VHS, consultar en ventanilla. | ||
| 505 | 0 | |a Las hienas: costumbres de las manadas. Cuidados de las crías. Alimentación. Hábitos de caza. | |
| 538 | |a Soporte: VHS - Norma: Pal N - Color - Grabación DRD 1993 - Hitachi=0000 | ||
| 082 | 5 | 9 | |. 5/PAR |
| 653 | |a ZOOLOGIA | ||
| 653 | |a HIENAS | ||
| 653 | |a COMPORTAMIENTO ANIMAL | ||
| 653 | |a ANIMALES | ||
| 653 | |a NIVEL PRIMARIO | ||
| 653 | |a NIVEL SECUNDARIO | ||
| 859 | |a CEMS |b BIB. CEMS - Depto. Recursos Didacticos |h 591.5 |i PAR |k DRD |p 496.12 |t Ej.1 | ||
